[Event "Villa Martelli zt 2.5"]
[Site "Villa Martelli"]
[Date "2017.04.30"]
[Round "1"]
[White "Arias, Juan Carlos"]
[Black "Slipak, Sergio"]
[Result "0-1"]
[WhiteElo "2116"]
[BlackElo "2444"]
[PlyCount "86"]
[EventDate "2017.04.30"]
[EventType "swiss"]
[EventRounds "9"]
[EventCountry "ARG"]
[SourceTitle "CBM 178 Extra"]
[Source "ChessBase"]
[SourceDate "2017.06.22"]
[SourceVersion "1"]
[SourceVersionDate "2017.06.22"]
[SourceQuality "1"]

1. d4 Nf6 2. Nf3 d5 3. c4 dxc4 4. e3 Bg4 5. Bxc4 e6 6. 0-0 a6 7. b3 Nc6 8. Bb2 Bd6 9. Nbd2 0-0 10. h3 Bh5 11. Be2 Bg6 12. Nh4 Qe7 13. Nxg6 hxg6 14. Bf3 Nd5 15. Nc4 Qh4 16. Nxd6 cxd6 17. Rc1 Rac8 18. Ba3 Rfd8 19. Bxd5 exd5 20. Qf3 Qe4 21. Qg3 Qe6 22. Rc3 Rd7 23. Rfc1 Re8 24. Kh1 a5 25. Kh2 Qf6 26. R3c2 g5 27. Qf3 Qxf3 28. gxf3 f6 29. Kg2 Kf7 30. Rh1 Rh8 31. Rhc1 Ke6 32. Bb2 f5 33. Bc3 Rh4 34. Bd2 g6 35. Rxc6 bxc6 36. Rxc6 Rdh7 37. Bxa5 Rxh3 38. Bb4 Rh2+ 39. Kg1 Rh1+ 40. Kg2 R7h2+ 41. Kg3 Rh3+ 42. Kg2 f4 43. Rxd6+ Kf7 0-1

[Event "ARG-ch Amateur U2300"]
[Site "Torre Blanca"]
[Date "2016.12.11"]
[Round "7.12"]
[White "Rodriguez, Luis Jose Lucio"]
[Black "Arias, Juan Carlos"]
[Result "0-1"]
[WhiteElo "1963"]
[BlackElo "2125"]
[PlyCount "134"]
[EventDate "2016.12.08"]
[EventType "swiss"]
[EventRounds "8"]
[EventCountry "ARG"]
[SourceTitle "EXT 2024"]
[Source "ChessBase"]
[SourceDate "2023.10.10"]
[SourceVersion "1"]
[SourceVersionDate "2023.10.10"]
[SourceQuality "1"]

1. d4 d5 2. c4 e6 3. Nc3 f5 4. g3 Nf6 5. Bg2 c6 6. Nf3 Bd6 7. 0-0 0-0 8. b3 Nbd7 9. e3 Ne4 10. Ne2 g5 11. Nd2 Ndf6 12. f3 Nxd2 13. Bxd2 g4 14. Qe1 Qe7 15. a3 Bd7 16. Bb4 Bxb4 17. Qxb4 Qxb4 18. axb4 a6 19. Nf4 Rae8 20. Nd3 Bc8 21. Rfc1 gxf3 22. Bxf3 Bd7 23. Ne5 Ra8 24. Ra2 Rfd8 25. h3 Be8 26. Kh2 Bh5 27. Bg2 Be8 28. Bf3 Bh5 29. Bxh5 Nxh5 30. g4 fxg4 31. Nxg4 Rf8 32. Rg2 Kh8 33. Rcg1 Rg8 34. b5 axb5 35. cxb5 cxb5 36. Rc2 Rg7 37. Rf1 Re7 38. Rff2 Ng7 39. Rc5 Nf5 40. Rxb5 h5 41. Ne5 Kh7 42. Re2 Rg8 43. Nd3 Rg3 44. Nc5 Rxe3 45. Rxe3 Nxe3 46. Rxb7 Rxb7 47. Nxb7 Nf5 48. b4 Nxd4 49. Nd6 Kg6 50. b5 e5 51. b6 Kf6 52. Kg3 Ke6 53. b7 Nc6 54. Nb5 Nb8 55. Kh4 Kd7 56. Kxh5 Kc6 57. Nc3 d4 58. Ne4 Kxb7 59. Kg6 Nd7 60. Kf7 Kc6 61. h4 Kd5 62. Nf2 e4 63. h5 Ne5+ 64. Kg7 e3 65. Nd3 Nxd3 66. h6 e2 67. h7 e1Q 0-1

[Event "ARG-ch Amateur U2300"]
[Site "Torre Blanca"]
[Date "2016.12.08"]
[Round "1.14"]
[White "Arias, Juan Carlos"]
[Black "Postolski, Javier"]
[Result "1/2-1/2"]
[WhiteElo "2125"]
[BlackElo "1982"]
[PlyCount "25"]
[EventDate "2016.12.08"]
[EventType "swiss"]
[EventRounds "8"]
[EventCountry "ARG"]
[SourceTitle "EXT 2024"]
[Source "ChessBase"]
[SourceDate "2023.10.10"]
[SourceVersion "1"]
[SourceVersionDate "2023.10.10"]
[SourceQuality "1"]

1. d4 Nf6 2. Bf4 d5 3. e3 g6 4. Bd3 Bg7 5. Nf3 Bg4 6. Nbd2 Nbd7 7. h3 Bxf3 8. Nxf3 0-0 9. 0-0 c5 10. c3 Qb6 11. Rb1 a5 12. Ne5 Nxe5 13. Bxe5 1/2-1/2

[Event "Villa Tehuelches 50 aniversity 2nd"]
[Site "Villa Tehuelches"]
[Date "2016.07.13"]
[Round "2.5"]
[White "Arias, Juan Cruz"]
[Black "Arias, Juan Carlos"]
[Result "1/2-1/2"]
[WhiteElo "2207"]
[BlackElo "2125"]
[PlyCount "150"]
[EventDate "2016.07.12"]
[EventType "swiss"]
[EventRounds "7"]
[EventCountry "CHI"]
[SourceTitle "EXT 2024"]
[Source "ChessBase"]
[SourceDate "2023.10.10"]
[SourceVersion "1"]
[SourceVersionDate "2023.10.10"]
[SourceQuality "1"]

1. e4 d6 2. d4 g6 3. Nc3 Bg7 4. g3 b6 5. Bg2 Bb7 6. Nge2 c5 7. d5 Nf6 8. 0-0 0-0 9. a4 Na6 10. h3 Nc7 11. Be3 e6 12. dxe6 fxe6 13. Bf4 Nfe8 14. Qd2 e5 15. Bg5 Bf6 16. Be3 a6 17. Nd5 Nxd5 18. exd5 b5 19. axb5 axb5 20. b4 cxb4 21. Qxb4 Nc7 22. Rxa8 Qxa8 23. Nc3 Be7 24. Rd1 Qa6 25. Bf1 Bc8 26. Nxb5 Nxb5 27. Bxb5 Qa2 28. Qb3 Qxb3 29. cxb3 Bxh3 30. Ra1 Rb8 31. Bc4 Rb7 32. Ra8+ Kf7 33. f3 Bd7 34. Ra7 Bc8 35. Kf2 Rxa7 36. Bxa7 Bb7 37. b4 Bd8 38. Ke3 Ke7 39. Ke4 Kd7 40. Bb5+ Kc7 41. Be8 Bc8 42. Bc6 Bg5 43. f4 exf4 44. gxf4 Bf6 45. b5 Bb7 46. Bf2 Bc3 47. Be3 Ba5 48. f5 gxf5+ 49. Kxf5 Bc8+ 50. Kf6 Bb6 51. Bf4 Bd4+ 52. Ke7 Bc5 53. Bd2 h5 54. Ba5+ Kb8 55. Kd8 Bb7 56. Be1 Bc8 57. Ba5 Bb7 58. Be1 Bc8 59. Ke7 Kc7 60. Bg3 Bg4 61. Bh4 Kc8 62. Kf7 Kc7 63. Ke8 Kc8 64. Bd8 Be2 65. b6 Ba6 66. Bc7 h4 67. Bd7+ Kb7 68. Bc6+ Kc8 69. Ke7 Bf1 70. Bd7+ Kb7 71. Bc6+ Kc8 72. Bd8 Ba6 73. Bc7 Bf1 74. Bd7+ Kb7 75. Bc6+ Kc8 1/2-1/2

[Event "ARG-ch sf"]
[Site "Vicente Lopez"]
[Date "2016.06.30"]
[Round "7"]
[White "Arias, Juan Carlos"]
[Black "Dubrovich, Igor"]
[Result "1-0"]
[WhiteElo "2125"]
[BlackElo "1737"]
[PlyCount "71"]
[EventDate "2016.06.25"]
[EventType "swiss"]
[EventRounds "9"]
[EventCountry "ARG"]
[SourceTitle "CBM 173 Extra"]
[Source "ChessBase"]
[SourceDate "2016.08.29"]
[SourceVersion "1"]
[SourceVersionDate "2016.08.29"]
[SourceQuality "1"]

1. c4 Nf6 2. Nc3 g6 3. d4 Bg7 4. e4 d6 5. f3 0-0 6. Be3 e5 7. d5 a5 8. Qd2 Na6 9. 0-0-0 h5 10. Bd3 Nc5 11. Nge2 a4 12. Bc2 Bd7 13. Kb1 Qe7 14. Nc1 Rfb8 15. Nd3 Nxd3 16. Bxd3 Be8 17. Bg5 Qf8 18. h3 Nh7 19. Be3 h4 20. Rc1 Qe7 21. Ne2 c5 22. g3 b5 23. Ka1 bxc4 24. Bxc4 hxg3 25. Nxg3 f5 26. Bxc5 Qh4 27. Bxd6 Bh6 28. Nxf5 Bxd2 29. Nxh4 Bxc1 30. Bxb8 Bxb2+ 31. Kxb2 Rxb8+ 32. Kc3 Ng5 33. Nxg6 Nxf3 34. Rf1 Bxg6 35. Rxf3 Bxe4 36. Re3 1-0

[Event "ARG-ch sf"]
[Site "Vicente Lopez"]
[Date "2016.06.26"]
[Round "2"]
[White "Fiorito, Fabian"]
[Black "Arias, Juan Carlos"]
[Result "1-0"]
[WhiteElo "2417"]
[BlackElo "2125"]
[PlyCount "85"]
[EventDate "2016.06.25"]
[EventType "swiss"]
[EventRounds "9"]
[EventCountry "ARG"]
[SourceTitle "CBM 173 Extra"]
[Source "ChessBase"]
[SourceDate "2016.08.29"]
[SourceVersion "1"]
[SourceVersionDate "2016.08.29"]
[SourceQuality "1"]

1. e4 c5 2. Nf3 g6 3. Bc4 Bg7 4. d3 Nc6 5. c3 e6 6. Bb3 Nge7 7. 0-0 0-0 8. Re1 d6 9. Nbd2 b6 10. Nf1 Bb7 11. d4 cxd4 12. cxd4 Rc8 13. Ne3 e5 14. d5 Nb8 15. Bc2 Nd7 16. h3 Kh8 17. Bd2 Ng8 18. a4 a6 19. b4 Qe7 20. Bd3 Rc7 21. Qe2 Ndf6 22. Rac1 Rfc8 23. Rxc7 Rxc7 24. Nc4 Bc8 25. Be3 Rb7 26. Rc1 Rb8 27. Nfd2 Qf8 28. Rc2 Ne8 29. Bxb6 f5 30. a5 Nef6 31. Ne3 fxe4 32. Nxe4 Nxe4 33. Bxe4 Nf6 34. Bd3 Bb7 35. Bxa6 Bxd5 36. Nxd5 Nxd5 37. Qg4 Qf5 38. Qxf5 gxf5 39. Rc8+ Rxc8 40. Bxc8 e4 41. Bd8 Nxb4 42. a6 Bd4 43. Bf6+ 1-0

[Event "Villa Diamante op"]
[Site "Villa Diamante"]
[Date "2015.08.17"]
[Round "6"]
[White "Arias, Juan Carlos"]
[Black "Moscato, Nestor Eduardo"]
[Result "0-1"]
[WhiteElo "1682"]
[BlackElo "1878"]
[PlyCount "94"]
[EventDate "2015.08.14"]
[EventType "swiss"]
[EventRounds "7"]
[EventCountry "ARG"]
[SourceTitle "EXT 2016"]
[Source "ChessBase"]
[SourceDate "2015.10.08"]
[SourceVersion "1"]
[SourceVersionDate "2015.10.08"]
[SourceQuality "1"]

1. e4 d6 2. Nf3 Nf6 3. d3 g6 4. Be2 Bg7 5. Nc3 0-0 6. Be3 c5 7. d4 cxd4 8. Nxd4 a6 9. g4 Nc6 10. h4 Ne5 11. Rg1 Qa5 12. g5 Nxe4 13. f4 Nxc3 14. Qd2 Nc6 15. Qxc3 Qxc3+ 16. bxc3 Bd7 17. h5 Rac8 18. hxg6 hxg6 19. Kd2 e5 20. Nxc6 Rxc6 21. Rab1 exf4 22. Bd4 Bxd4 23. cxd4 Bf5 24. Bd3 Bxd3 25. Kxd3 b5 26. Rg4 Rfc8 27. Rb2 Rc3+ 28. Ke4 Kf8 29. Rxf4 Rxc2 30. Rxc2 Rxc2 31. Kd5 Rxa2 32. Rf6 b4 33. Rxd6 Ra5+ 34. Kc4 Rb5 35. Rxa6 b3 36. Ra1 b2 37. Rb1 Rb8 38. d5 Ke7 39. Kc5 Kd7 40. d6 Rb7 41. Kd5 Rb3 42. Kc4 Rb6 43. Kc3 Kxd6 44. Kc2 Ke6 45. Re1+ Kf5 46. Kb1 Kxg5 47. Re5+ f5 0-1

[Event "Latin Cup-A 6th"]
[Site "Buenos Aires"]
[Date "2015.03.20"]
[Round "2"]
[White "Lorenzi, Juan Carlos"]
[Black "Arias, Juan Carlos"]
[Result "0-1"]
[WhiteElo "1480"]
[BlackElo "2130"]
[PlyCount "110"]
[EventDate "2015.03.19"]
[EventType "swiss"]
[EventRounds "9"]
[EventCountry "ARG"]
[SourceTitle "CBM 165 Extra"]
[Source "ChessBase"]
[SourceDate "2015.04.21"]
[SourceVersion "1"]
[SourceVersionDate "2015.04.21"]
[SourceQuality "1"]

1. e4 c5 2. c3 e6 3. Nf3 d5 4. exd5 exd5 5. d4 Nc6 6. dxc5 Bxc5 7. Be2 Nge7 8. 0-0 0-0 9. Bg5 Qc7 10. Nbd2 Bd6 11. Nb3 Bg4 12. h3 Bd7 13. Nbd4 a6 14. Bd3 f6 15. Bd2 Ne5 16. Bc2 Rac8 17. Re1 Rfe8 18. Rc1 Rcd8 19. Bb1 g6 20. Qc2 b5 21. h4 Bg4 22. h5 Nxf3+ 23. gxf3 Bxh5 24. Ne6 Qd7 25. Qd3 Rc8 26. f4 Bg4 27. Nd4 Bc5 28. Re3 Nf5 29. Rxe8+ Rxe8 30. Nxf5 Bxf5 31. Qg3 Re2 32. Be3 Bxe3 33. fxe3 Rxb2 34. Bxf5 Qxf5 35. Rd1 Qc2 36. Qf3 Qe4 37. Qxe4 dxe4 38. Rd8+ Kf7 39. Rd7+ Ke6 40. Rxh7 Rxa2 41. Rc7 Kf5 42. Rc5+ Kg4 43. Rc6 Kg3 44. Kf1 Kf3 45. Ke1 Kxe3 46. Kd1 f5 47. Rxg6 Kxf4 48. Rh6 e3 49. Ke1 Kf3 50. Rh3+ Ke4 51. Rh8 f4 52. Re8+ Kf3 53. Kd1 e2+ 54. Ke1 Ra1+ 55. Kd2 Rd1+ 0-1

[Event "American Continental 09th"]
[Site "Cochabamba"]
[Date "2013.05.10"]
[Round "5"]
[White "Arias, Juan Carlos"]
[Black "Kropff, Ricardo"]
[Result "0-1"]
[WhiteElo "2113"]
[BlackElo "2224"]
[PlyCount "104"]
[EventDate "2013.05.07"]
[EventType "swiss"]
[EventRounds "11"]
[EventCountry "BOL"]
[SourceTitle "CBM 154 Extra"]
[Source "ChessBase"]
[SourceDate "2013.06.25"]
[SourceVersion "2"]
[SourceVersionDate "2013.06.25"]
[SourceQuality "1"]

1. d4 Nf6 2. Nf3 d5 3. g3 c6 4. Bg2 Bf5 5. 0-0 h6 6. b3 e6 7. c4 Nbd7 8. Bb2 Be7 9. Nbd2 0-0 10. Ne5 Bh7 11. Nxd7 Qxd7 12. Re1 Rad8 13. e3 Rfe8 14. Qe2 b5 15. cxb5 cxb5 16. Bf1 Rb8 17. a3 a5 18. Rec1 Qb7 19. f3 Bd6 20. f4 Nd7 21. Bc3 a4 22. Bb4 Bxb4 23. axb4 Rec8 24. bxa4 Rxc1 25. Rxc1 bxa4 26. b5 Nb6 27. Nf3 f6 28. Qb2 Nc4 29. Bxc4 dxc4 30. Nd2 Qxb5 31. Qxb5 Rxb5 32. Rxc4 Rb2 33. Rc8+ Kf7 34. Nc4 Rb1+ 35. Kf2 Bd3 36. e4 Kg6 37. Nd2 Rb2 38. Ke3 Bc2 39. Ra8 Bd1 40. d5 exd5 41. exd5 Kf5 42. h3 h5 43. Ra5 Rb4 44. Kd3 h4 45. gxh4 Rxf4 46. Nc4 Be2+ 47. Kxe2 Rxc4 48. h5 Rh4 49. Ra7 Rxh3 50. Rxg7 a3 51. Ra7 a2 52. Kf2 Rh1 0-1

[Event "American Continental 08th"]
[Site "Mar del Plata"]
[Date "2012.10.17"]
[Round "7"]
[White "Arias, Juan Carlos"]
[Black "De Freitas, Julio Eimard"]
[Result "1/2-1/2"]
[WhiteElo "2215"]
[BlackElo "1882"]
[PlyCount "42"]
[EventDate "2012.10.12"]
[EventType "swiss"]
[EventRounds "11"]
[EventCountry "ARG"]
[SourceTitle "EXT 2013"]
[Source "ChessBase"]
[SourceDate "2012.11.22"]
[SourceVersion "1"]
[SourceVersionDate "2012.11.22"]
[SourceQuality "1"]

1. Nf3 d5 2. d4 Nf6 3. c4 c6 4. cxd5 cxd5 5. Nc3 Nc6 6. Bf4 Bf5 7. e3 e6 8. Bb5 Bb4 9. Qa4 0-0 10. Bxc6 Bxc3+ 11. bxc3 bxc6 12. Ne5 a5 13. f3 h6 14. 0-0 Ra6 15. c4 Nh5 16. cxd5 cxd5 17. Rac1 Nxf4 18. exf4 Qd6 19. Nd7 Rfa8 20. Nc5 Rb6 21. g3 Rb4 1/2-1/2

[Event "American Continental 08th"]
[Site "Mar del Plata"]
[Date "2012.10.16"]
[Round "6"]
[White "Prallon Sampaio, Leonardo de Souz"]
[Black "Arias, Juan Carlos"]
[Result "1-0"]
[WhiteElo "1976"]
[BlackElo "2215"]
[PlyCount "101"]
[EventDate "2012.10.12"]
[EventType "swiss"]
[EventRounds "11"]
[EventCountry "ARG"]
[SourceTitle "EXT 2013"]
[Source "ChessBase"]
[SourceDate "2012.11.22"]
[SourceVersion "1"]
[SourceVersionDate "2012.11.22"]
[SourceQuality "1"]

1. e4 c5 2. Nf3 Nc6 3. Bb5 g6 4. c3 Nf6 5. e5 Nd5 6. 0-0 Bg7 7. d4 cxd4 8. cxd4 0-0 9. Nc3 Nxc3 10. bxc3 d5 11. exd6 Qxd6 12. a4 a6 13. Ba3 Qc7 14. Bxc6 bxc6 15. Re1 Bf6 16. Ne5 Be6 17. Qf3 Rac8 18. Qg3 Rfd8 19. Bc5 a5 20. Rab1 Rb8 21. Rxb8 Rxb8 22. Nxc6 Qxg3 23. hxg3 Rb3 24. Rc1 Bd7 25. Nxa5 Rb8 26. Ra1 e5 27. Nc4 exd4 28. cxd4 Rc8 29. Nb6 Rxc5 30. dxc5 Bxa1 31. Nxd7 Bc3 32. Kf1 f5 33. Ke2 Kf7 34. f4 Ke6 35. Ne5 g5 36. c6 Ba5 37. Nc4 Bc7 38. fxg5 Kd5 39. Ne3+ Kxc6 40. Kf3 Kc5 41. Nxf5 Kb4 42. Ne3 Kxa4 43. Nd5 Bd8 44. Nf6 h6 45. Kg4 hxg5 46. Kxg5 Kb5 47. Kf5 Be7 48. g4 Bf8 49. g5 Kc6 50. Ke6 Bb4 51. g6 1-0

[Event "American Continental 08th"]
[Site "Mar del Plata"]
[Date "2012.10.14"]
[Round "4"]
[White "Hernandez Amura, Gilberto"]
[Black "Arias, Juan Carlos"]
[Result "1/2-1/2"]
[WhiteElo "1851"]
[BlackElo "2215"]
[PlyCount "78"]
[EventDate "2012.10.12"]
[EventType "swiss"]
[EventRounds "11"]
[EventCountry "ARG"]
[SourceTitle "EXT 2013"]
[Source "ChessBase"]
[SourceDate "2012.11.22"]
[SourceVersion "1"]
[SourceVersionDate "2012.11.22"]
[SourceQuality "1"]

1. e4 c5 2. Nf3 Nc6 3. Bb5 g6 4. Bxc6 bxc6 5. 0-0 Bg7 6. d3 e5 7. Nc3 Ne7 8. Ne1 0-0 9. f4 exf4 10. Bxf4 d6 11. Nf3 f6 12. Kh1 Be6 13. Qd2 Rb8 14. Rab1 Rb7 15. d4 cxd4 16. Nxd4 Bf7 17. Nb3 Nc8 18. Rbd1 Bxb3 19. axb3 Rd7 20. Rf3 Re8 21. h3 Qa5 22. Qd3 Qb4 23. Qf1 Re6 24. Bd2 Kf7 25. Re1 Qd4 26. Be3 Qb4 27. Bg5 Ke7 28. Bd2 Kf7 29. Qf2 Qb6 30. Be3 Qd8 31. Ra1 Qe7 32. Bd4 h6 33. Ra6 Rc7 34. Ra1 Rb7 35. Rf1 Rb4 36. e5 f5 37. Na2 Rxd4 38. Qxd4 dxe5 39. Qc4 Nb6 1/2-1/2

[Event "American Continental 08th"]
[Site "Mar del Plata"]
[Date "2012.10.13"]
[Round "2"]
[White "Molina, Roberto Junio Brito"]
[Black "Arias, Juan Carlos"]
[Result "1-0"]
[WhiteElo "2400"]
[BlackElo "2215"]
[PlyCount "73"]
[EventDate "2012.10.12"]
[EventType "swiss"]
[EventRounds "11"]
[EventCountry "ARG"]
[SourceTitle "EXT 2013"]
[Source "ChessBase"]
[SourceDate "2012.11.22"]
[SourceVersion "1"]
[SourceVersionDate "2012.11.22"]
[SourceQuality "1"]

1. d4 d5 2. c4 e6 3. Nc3 f5 4. Nf3 Nf6 5. g3 c6 6. Bg2 Bd6 7. 0-0 0-0 8. b3 Ne4 9. Bb2 b6 10. e3 Bb7 11. Qe2 Nd7 12. Rac1 Qe7 13. Rfd1 Rfc8 14. Nd2 Nxc3 15. Bxc3 a5 16. f3 c5 17. a4 Rc7 18. Bb2 Rac8 19. Re1 Re8 20. Qd3 Qf7 21. Ba3 e5 22. cxd5 exd4 23. exd4 Rxe1+ 24. Rxe1 Bxd5 25. Bf1 Rc8 26. Nc4 Bf8 27. Qd1 cxd4 28. Bxf8 Qxf8 29. Qxd4 Qc5 30. Qxc5 Rxc5 31. Re7 Nf6 32. Kf2 Bf7 33. Rb7 g5 34. Rxb6 Kg7 35. Rb7 Kf8 36. Ra7 g4 37. Rxa5 1-0